[Event "Mestre Sheraton op-A 1st"]
[Site "Mestre"]
[Date "2021.02.27"]
[Round "3"]
[White "Pallante, Simone"]
[Black "Maione, Melissa"]
[Result "1/2-1/2"]
[WhiteElo "2048"]
[BlackElo "1869"]
[PlyCount "79"]
[EventDate "2021.02.26"]
[EventType "swiss"]
[EventRounds "5"]
[EventCountry "ITA"]
[SourceTitle "EXT 2022"]
[Source "ChessBase"]
[SourceDate "2021.10.06"]
[SourceVersion "1"]
[SourceVersionDate "2021.10.06"]
[SourceQuality "1"]

1. e4 c5 2. b3 Nc6 3. Bb2 d6 4. Bb5 Bd7 5. f4 e6 6. Nf3 Nf6 7. Nc3 Be7 8. Qe2 0-0 9. Bxc6 Bxc6 10. 0-0-0 b5 11. e5 b4 12. exf6 bxc3 13. dxc3 Bxf6 14. g4 a5 15. g5 Be7 16. c4 a4 17. h4 axb3 18. axb3 Qc7 19. Rh3 d5 20. Ne5 d4 21. h5 Bd6 22. g6 Bxe5 23. gxh7+ Kh8 24. fxe5 f6 25. Rg1 Qxe5 26. Qxe5 fxe5 27. Rhg3 Ra7 28. h6 Rff7 29. Rg6 Be4 30. hxg7+ Rxg7 31. Rxg7 Rxg7 32. Re1 Bxh7 33. Rxe5 Rg2 34. Rxc5 Rxc2+ 35. Kb1 Rxc4+ 36. Ka2 Rxc5 37. Bxd4+ e5 38. Bxc5 Bg8 39. Kb2 Bxb3 40. Kxb3 1/2-1/2